| 000 | 00779cam a2200277 4500 | ||
|---|---|---|---|
| 008 | 090401t1998 xxu||||| |||| 00| 0 eng d | ||
| 020 | _a1857120744 | ||
| 035 | _a(Sirsi) u88725 | ||
| 041 | _aeng | ||
| 050 | _a657.76 | ||
| 110 |
_aAccounting Standards Board _93454 |
||
| 240 | _aFRS 13 | ||
| 245 | _aDerivatives and other financial instruments : disclosures | ||
| 260 |
_aMilton Keynes _bASB Publications _c1998 |
||
| 300 |
_a165p. _c21cm. |
||
| 350 | _a11 | ||
| 490 |
_aASB Financial Reporting Standard _v13 |
||
| 650 | _aACCOUNTING STANDARDS | ||
| 650 | _aFINANCIAL INSTRUMENTS | ||
| 650 | _aFINANCIAL REPORTING | ||
| 650 | _aFRS 13 | ||
| 650 | _aHEDGE ACCOUNTING | ||
| 690 | _aPROPERTY-PROPERTY FINANCE AND INVESTMENT | ||
| 942 | _n0 | ||
| 948 | _c29/09/1998 | ||
| 999 |
_c97376 _d97376 |
||